Minotaurus

Hlavní autor: Pavlíček, Michal, 1956-
Další autoři: Vitouš, Miroslav, 1947-
Jazyk: Nelze použít, není lingvistický obsah
Vydáno: Praha : Panton, p1991
Témata:
Externí odkaz: Digitalizovaný dokument
Fyzický popis: 1 LP deska : 33 ot/min, stereo ; 30 cm
Zvukové nahrávky
Uloženo v:
LEADER 01445njm a2200397 a 4500
001 000265159
003 CZ BrMZK
005 20160629161852.0
008 950101s1991 xr f zxx d
028 0 3 |a 81 0969-1311  |b Panton 
040 |a BOA001  |b cze 
080 |a 782.91(086.7)  |2 MRF 
100 1 |a Pavlíček, Michal,  |d 1956-  |7 jn20000620269  |4 cmp  |4 prf 
245 1 0 |a Minotaurus  |h [zvukový záznam] /  |c Michal Pavlíček , Miroslav Vitouš. 
246 3 3 |a Dance of Minotaurus and the boy 
246 3 3 |a Dance of Minotaurus and the girl 
246 3 3 |a Birth of Minotaurus 
246 3 3 |a Dead Girl 
246 3 3 |a Death of Minnotaurus 
246 3 3 |a Minotaurus's Dance 
246 3 3 |a Minotaurus's Dream of the Girl 
246 3 3 |a Minotaurus's Hatred 
246 3 3 |a Girl's Animation 
246 3 3 |a Girl's Arrival 
260 |a Praha :  |b Panton,  |c p1991 
300 |a 1 LP deska :  |b 33 ot/min, stereo ;  |c 30 cm 
500 |a Nahr. 1989 
500 |a Durata neuv 
505 2 |a Birth of Minotaurus, Dead Girl, Death of Minnotaurus ... [et al.] 
653 0 |a scénická hudba 
700 1 |a Vitouš, Miroslav,  |d 1947-  |7 ola2002157931  |4 cmp  |4 prf 
856 4 1 |u http://www.digitalniknihovna.cz/mzk/uuid/uuid:c328e790-d257-4a6f-99c7-cafed01f7025  |y Digitalizovaný dokument 
910 |a BOA001  |b LP-0000.297 
964 |a Hudba scénická  |x LP 
990 |a AV 
996 6 |b 261H000308  |c LP-0000.297  |l MZK  |r Sklad / do 24 hodin  |n 0  |w 000265159  |u 000010  |a 1  |e BOA001  |j MZK50  |s P